| 000 | 00692nam a2200253Ia 4500 | ||
|---|---|---|---|
| 003 | OSt | ||
| 005 | 20221007100826.0 | ||
| 006 | a|||||r|||| 00| 0 | ||
| 007 | ta | ||
| 008 | 221006b |||||||| |||| 00| 0 eng d | ||
| 024 | _a5,230 | ||
| 037 | _cTextual | ||
| 040 |
_aLCO _cLCO _beng |
||
| 041 |
_2eng _aeng |
||
| 082 | _aX7291y8, L4 | ||
| 100 | _aBanerjea N. | ||
| 245 | 0 | _aCentral Excise Manual | |
| 260 |
_aCalcutta _bInternational Law Book Centre India _c1974 |
||
| 300 | _avarious | ||
| 650 |
_aCENTRAL EXCISE MANUAL _9702164 |
||
| 700 |
_a Mukherjea S.K. _9702165 |
||
| 942 |
_hX7291y8, L4 _cTEXL |
||
| 999 |
_c1174793 _d1174793 |
||